LIBRARY & INFORMATION CENTRE, KCAET, TAVANUR

ONLINE PUBLIC ACCESS CATALOGUE (OPAC)

Lasers and optical engineering / (Record no. 13229)

MARC details
000 -LEADER
fixed length control field 00356cam a2200145ua 4500
003 - CONTROL NUMBER IDENTIFIER
control field OSt
008 - FIXED-LENGTH DATA ELEMENTS--GENERAL INFORMATION
fixed length control field 241231b |||||||| |||| 00| 0 eng d
041 ## - LANGUAGE CODE
Language code of text/sound track or separate title eng
082 ## - DEWEY DECIMAL CLASSIFICATION NUMBER
Classification number 621.366
Item number DAS/LA
100 ## - MAIN ENTRY--AUTHOR NAME
Personal name Das, P .
245 ## - TITLE STATEMENT
Title Lasers and optical engineering /
260 ## - PUBLICATION, DISTRIBUTION, ETC. (IMPRINT)
Place of publication New York :
Name of publisher Springer Verlag ,
Year of publication 1991.
300 ## - PHYSICAL DESCRIPTION
Number of Pages 470 ; .
942 ## - ADDED ENTRY ELEMENTS (KOHA)
Koha item type Books
Holdings
Withdrawn status Lost status Damaged status Home library Current library Date acquired Full call number Accession Number Koha item type
      KAUAET KAUAET 07/04/2012 621.366 DAS/LA 21851 Books
free website counter